CUANDO LOS RATONES SE DABAN LA GRAN VIDA (Record no. 145453)
[ view plain ]
| 000 -CABECERA | |
|---|---|
| campo de control de longitud fija | 00342nam a2200121 a 4500 |
| 005 - FECHA Y HORA DE LA ÚLTIMA TRANSACCIÓN | |
| campo de control | 20210219160820.0 |
| 008 - ELEMENTOS DE LONGITUD FIJA--INFORMACIÓN GENERAL | |
| campo de control de longitud fija | s2004 000 spa d |
| 035 ## - NÚMERO DE CONTROL DEL SISTEMA | |
| Número de control de sistema | UPN01000173349 |
| 100 ## - ASIENTO PRINCIPAL--NOMBRE PERSONAL | |
| Nombre de persona | HINOJOSA FRANCISCO |
| 245 ## - MENCIÓN DE TÍTULO | |
| Título | CUANDO LOS RATONES SE DABAN LA GRAN VIDA |
| 260 ## - PUBLICACIÓN, DISTRIBUCIÓN, ETC. | |
| Nombre del editor, distribuidor, etc. | I/PZ8.2/H5.4/EJ.4 |
| 500 ## - NOTA GENERAL | |
| Nota general | Catalogación en circulación |
No items available.
